000 00264nam a22001097a 4500
005 20251014141753.0
008 251014b |||||||| |||| 00| 0 eng d
040 _cPK-LaNCA
082 _a728.3704
_bRES
245 _aResidential buildings: a typology
942 _cBK
999 _c67092
_d67092